|
|
|
|
| LEADER |
00914nam a2200325 4500 |
| 001 |
DLU030021817 |
| 003 |
##DLU |
| 005 |
##20021230 |
| 008 |
##021230t vn z000 vie d |
| 040 |
# |
# |
|a DLU
|b vie
|
| 041 |
# |
# |
|a vie
|
| 044 |
# |
# |
|a vn
|
| 082 |
# |
# |
|a 895.922 3
|b DO-D
|
| 100 |
# |
# |
|a Đoàn Thị Điểm
|
| 245 |
# |
# |
|a Truyền kỳ tân phả /
|c Đoàn Thị Điểm; Ngô Lập Chi, Trần Văn Giáp dịch và chú giải
|
| 260 |
# |
# |
|a H. :
|b Văn học,
|c 2001
|
| 300 |
# |
# |
|a 165 tr. ;
|c 19 cm
|
| 653 |
# |
# |
|a Văn học Hán Nôm
|
| 653 |
# |
# |
|a Văn học viết cổ trung đại
|
| 700 |
# |
# |
|a Ngô Lập Chi
|e dịch và chú giải
|
| 700 |
# |
# |
|a Trần Văn Giáp
|e dịch và chú giải
|
| 992 |
# |
# |
|a 12500
|
| 994 |
# |
# |
|a DLU
|
| 900 |
# |
# |
|a True
|
| 911 |
# |
# |
|a Thái Thị Thanh Thủy
|
| 925 |
# |
# |
|a G
|
| 926 |
# |
# |
|a A
|
| 927 |
# |
# |
|a SH
|
| 980 |
# |
# |
|a Thư viện Trường Đại học Đà Lạt
|